000 00565nam a2200157 a 4500
008 120416s2004 ||||||||||||||||| || u
050 _aIBRD(08)
100 _aDocquier, Frederick
245 1 0 _aSkilled migration: the perspective of developing countries
260 _aWashington, D. C.
_bWorld Bank
_c2004
300 _a38p. : ill.
350 _a0.00
650 7 _aMIGRATION
_2gnd
650 _aLABOUR MIGRATION
995 _D0.00
_FCBU-MAIN LIBRARY (Kitwe)
_H1
_I0.00
_M1
_UAVAILABLE
_ZInternational Publications
999 _c57529
_d57529